不可思议ㄋㄟ! (Record no. 46633)

000 -LEADER
fixed length control field 00531nam a22001937a 4500
003 - CONTROL NUMBER IDENTIFIER
control field MPLRDC
005 - DATE AND TIME OF LATEST TRANSACTION
control field 20220104144127.0
008 - FIXED-LENGTH DATA ELEMENTS--GENERAL INFORMATION
fixed length control field 210129b ||||| |||| 00| 0 eng d
020 ## - INTERNATIONAL STANDARD BOOK NUMBER
International Standard Book Number 986-185-153-2
082 ## - DEWEY DECIMAL CLASSIFICATION NUMBER
Classification number 411.71 ZF
100 ## - MAIN ENTRY--PERSONAL NAME
Personal name 主妇与生活社; 上村太一监修
245 ## - TITLE STATEMENT
Title 不可思议ㄋㄟ!
Statement of responsibility, etc. 赖庭筠译
250 ## - EDITION STATEMENT
Edition statement 初版
260 ## - PUBLICATION, DISTRIBUTION, ETC.
Place of publication, distribution, etc. 台湾
Name of publisher, distributor, etc. 高宝国际有限公司台湾分公司
Date of publication, distribution, etc. 2008
300 ## - PHYSICAL DESCRIPTION
Other physical details 95
490 ## - SERIES STATEMENT
Series statement 生活医馆. HD048
650 ## - SUBJECT ADDED ENTRY--TOPICAL TERM
Topical term or geographic name entry element 运动与健康
942 ## - ADDED ENTRY ELEMENTS (KOHA)
Koha item type Book
-- 411.71 ZF
Holdings
Withdrawn status Lost status Source of classification or shelving scheme Damaged status Not for loan Collection code Home library Current library Shelving location Date acquired Cost, normal purchase price Total Checkouts Total Renewals Full call number Barcode Date last seen Date last checked out Price effective from Koha item type Public note
            Malaysian Public Library, Research and Development Centre Malaysian Public Library, Research and Development Centre   10/12/2007 27.20   1 411.71 ZF 00046792 18/03/2021 13/10/2012 18/03/2021 Book mplrdc

© 2022. Malaysian Public Library, Research and Development Centre. All Right ReservedE-mailmplrdc@help.edu.my 

Powered by Koha